Normal view
MARC view
Entry Personal Name
001 - CONTROL NUMBER
- control field: 235421
003 - CONTROL NUMBER IDENTIFIER
- control field: OSt
005 - DATE AND TIME OF LATEST TRANSACTION
- control field: 20250814095656.0
008 - FIXED-LENGTH DATA ELEMENTS
- fixed length control field: 250814|| aca||aabn | a|a d
040 ## - CATALOGING SOURCE
- Original cataloging agency: OSt
- Transcribing agency: OSt
100 ## - HEADING--PERSONAL NAME
- Personal name: MUHAMMAD KULAYI
- Dates associated with a name: ಮುಹಮ್ಮದ್ ಕುಳಾಯಿ
670 ## - SOURCE DATA FOUND
- Source citation: Work cat.: (OSt)104457: MUHAMMAD KULAYI ಮುಹಮ್ಮದ್ ಕುಳಾಯಿ , Kadana kutuhala., 2001